| 000 | 00519nam a2200181Ia 4500 | ||
|---|---|---|---|
| 999 |
_c36942 _d36942 |
||
| 003 | OSt | ||
| 005 | 20201218141156.0 | ||
| 008 | 190216s9999||||xx |||||||||||||| ||und|| | ||
| 020 | _a9780679420682 | ||
| 040 | _coclc | ||
| 082 |
_a320.03 _bSAF/S |
||
| 100 |
_aSafire, William _96316 |
||
| 245 | 0 |
_aSafires New Political Dictionary / _cWilliam Safire |
|
| 260 |
_bRandom House, _c1993. _aNew York: |
||
| 300 | _a930p | ||
| 650 | _aReferences | ||
| 942 |
_cREF _2ddc _h320.03 _iSAF/S _k320.03 _mSAF/S |
||